00834 a2200157 4500003000500000005001700005020001500022040000900037082001200046245013900058250000800197260003300205300001200238505041600250650001000666NUST20230202124303.0 a8171009190 cNust a954,IND aIndia 50 Years of Independence: bIndependence and Beyond the fifty Years; 1947-97 (VOL-2) /cEdited by Verinder Grover, Ranjana Arora aThe aIndiabDeep & Deep Pubc1997 a664:p.; aPart-1: India At Fifty (Page-3), Part-2: The Present Politics (Page-37), Part-3: Power to Women (Page-135), Part-4: Judicial Activism (Page-169), Part-5: Political Corruption (Page-219), Part-6: Terrorism (Page-281), Part-7: Secularism and Communalism (Page-315), Part-8: The Economic Reforms (Page-347), Part-9: New Opportunities in Kashmir (Page-427), Part-10: Foreign Policy CTBT SAARC and UNO (Page-469).  aIndia